Bosque de niebla (Registro nro. 20865)

Detalles MARC
000 -CABECERA
Campo de control 00769nam a22002177a 4500
005 - FECHA Y HORA DE LA ULTIMA TRANSACCION
Campo de control 20200219053302.0
008 - ELEMENTOS DE LONGITUD FIJA—INFORMACION GENERAL
Campo de control 200218b xxu||||| |||| 00| 0 spa d
040 ## - FUENTE DE CATALOGACIÓN
Agencia catalogadora original CO-BoIAVH
Agencia transcriptora CO-BoIAVH
041 ## - IDIOMA
Código de idioma para texto/pista de sonido o título separado Español
044 ## - PAÍS DE PUBLICACIÓN
País de publicación Colombia
090 ## - CLASIFICACIÓN LOCAL
Colección FG
Consecutivo 0471
110 ## - ASIENTO PRINCIPAL--NOMBRE CORPORATIVO
9 (RLIN) 102487
Nombre corporativo o de jurisdicción como elemento de entrada El Espectador
245 ## - MENCION DE TITULO
Título Bosque de niebla
Parte restante del título único y mágico
Mención de responsabilidad El Espectador
260 ## - PUBLICACION, DISTRIBUCION, ETC. (PIE DE IMPRENTA)
Lugar de publicación, distribución, etc. Bogotá:
Nombre del editor, distribuidor, etc. El Espectador,
Fecha de publicación, distribución, etc. 2015.
300 ## - DESCRIPCION FISICA
Extensión 8 páginas, numeradas de 9 - 16
Otros detalles físicos Fotografías e ilustraciones a color,
Dimensiones 29 x 22.5 cm
Material acompañante Una lámina con 6 stickers
650 #0 - ASIENTO SECUNDARIO DE MATERIA - TERMINO TEMATICO
9 (RLIN) 75115
Término temático o nombre geográfico como elemento de entrada Bosque de niebla
Subdivisión geográfica Colombia
650 #0 - ASIENTO SECUNDARIO DE MATERIA - TERMINO TEMATICO
9 (RLIN) 102725
Término temático o nombre geográfico como elemento de entrada Flora y fauna
Subdivisión geográfica Bosque de niebla
650 #0 - ASIENTO SECUNDARIO DE MATERIA - TERMINO TEMATICO
9 (RLIN) 74772
Término temático o nombre geográfico como elemento de entrada Bosques de niebla. Población y territorio
650 #0 - ASIENTO SECUNDARIO DE MATERIA - TERMINO TEMATICO
9 (RLIN) 74852
Término temático o nombre geográfico como elemento de entrada Bosques de niebla, Suelo
942 ## - ELEMENTOS ADICIONALES (KOHA)
Sistema de clasificación Local
Tipo de ítem Folleto
Existencias
Withdrawn status Lost status Sistema de Clasificación Damaged status No para préstamo Colección Ubicación Permanente Ubicación actual Fecha de adquisición Total Checkouts Número topográfico Inventario / Código de Barras Date last seen Ejemplar Price effective from Forma de adquisición Tipo de material
    Local     Hemeroteca Bogotá Bogotá 18/02/2020   FG-0471 044119 18/02/2020 Ej. 1 18/02/2020 Donación Folleto